| 000 | 01369nam a2200229 4500 | ||
|---|---|---|---|
| 999 |
_c63822 _d63822 |
||
| 003 | Ge_BSU | ||
| 005 | 20260128145846.0 | ||
| 008 | 260128s1959 ge ||||| |||| 00| 0 geo d | ||
| 041 | _ageo | ||
| 080 | _a338(479.22)(09) : 94(479.22) ''18/19'' გ-92 | ||
| 100 |
_aგუგუშვილი, პაატა _93880 |
||
| 245 |
_aსაქართველოსა და ამიერკავკასიის ეკონომიკური განვითარება XIX-XX საუკუნეებში : _b მონოგრაფიები. ტ. 3 / _cპაატა გუგუშვილი. |
||
| 264 |
_aთბილისი : _bსაბჭ. საქართველო, _c1959. |
||
| 300 |
_a877 გვ.; _b20 სმ. |
||
| 500 | _aდანართი: საძიებლები, გვ. 847-877. | ||
| 501 | _aგაშლილი თავფურც. რუს. ენ. | ||
| 504 | _aბიბლიოგრაფია შენიშვნებში. | ||
| 653 | _aსაქართველოს ეკონომიკა | ||
| 653 | _aამიერკავკასიის ეკონომიკა. საქართველოს ისტორია -- XIX-XXსს. | ||
| 700 |
_aნარმანია, ნ., _eრედაქტორი _97457 |
||
| 942 |
_2udc _cᲬᲘᲒᲜᲘ |
||